01016nam a2200229 a 4500003000200000005001700002008004100019050003500060100002800095245014400123260009000267300004500357504004100402650004500443650002800488650002600516650004100542650003800583942001400621999001700635952013400652020250321125928.0060801s19uu xx 00 eng d aPGS LB 1062.6.C43b.M189 2006  aMagbanua, Ma. Eloisa R. aEffects of changing weather on the academic performance of Southville International School and Colleges students /cMa. Eloisa R. Magbanua. aLas Piñas City, Philippines :bSouthville International School and Colleges,c2006. a42 pages : billustrations ; c28 cm.  aIncludes bibliographical references. aClimatic changesvPsychological aspects. aWeather and education.  aAcademic achievement. aStudentsvEffect of environment on.  aEducationvEnvironmental aspects. 2lcccPASS c97516d97516 00102lcc40aLUXbLUXcPASSd2006-07-24eDONATIONl0oPGS LB 1062.6.C43 .M189 2006pP1557r2014-04-08 00:00:00w2014-04-08yPASS